Editoriál

Editoriál k časopisu Slovenská štatistika a demografia.

Gespeichert in:
Bibliographische Detailangaben
1. Verfasser: Šoltés, Erik, 1974-
Format: Buchkapitel
Sprache:Slowakisch
Englisch
Schlagworte:
Tags: Tag hinzufügen
Keine Tags, Fügen Sie das erste Tag hinzu!

MARC

LEADER 00000naa a2200000 4500
001 0234543
005 20240502073813.1
041 0 |a slo 
041 0 |a eng 
044 |a SK 
245 1 0 |a Editoriál  |c Erik Šoltés 
520 |a Editoriál k časopisu Slovenská štatistika a demografia. 
610 2 0 |a štatistika 
610 2 0 |a metódy štatistické 
610 2 0 |a výskum štatistický 
100 1 |a Šoltés, Erik, 1974-